FC 25 TOTW 30 - Statistics

General Stats
  • This quiz has been taken 6 times
  • The average score is 12 of 23
Answer Stats
rat pos club player % Correct
TOTW 89 CAM Marseille Adrien Rabiot
100%
TOTW 89 ST Al-Nassr Cristiano Ronaldo
100%
TOTW 89 RW Paris Saint-Germain Désiré Doué
100%
TOTW 89 GK Valencia Giorgi Mamardashvili
100%
TOTW 89 CDM Juventus Manuel Locatelli
100%
TOTW 89 RM Aston Villa Morgan Rogers
100%
TOTW 89 ST Benfica Vangelis Pavlidis
100%
TOTW 88 ST Racing Club Adrian Martínez
67%
TOTW 88 ST Palermo Joel Pohjanpalo
67%
TOTW 88 ST San Jose Earthquake Josef Martínez
67%
TOTW 89 RB Chelsea Women Lucy Bronze
67%
TOTW 88 CM Atlético Madrid Pablo Barrios
67%
TOTW 89 LB OL Féminin Selma Bacha
67%
TOTW 88 LM Fulham Alex Iwobi
33%
TOTW 89 ST Fenerbahçe Anderson Talisca
33%
TOTW 88 CB Strasbourg Ismaël Doukouré
33%
TOTW 88 RM Getafe Ramon Terrats
33%
TOTW 88 LM Peterborough Abraham Odoh
0%
TOTW 88 ST VfB Stuttgart Ermedin Demirović
0%
TOTW 88 CM Madrid Femenino Filippa Angeldahl
0%
TOTW 88 CAM Werder Bremen Romano Schmid
0%
TOTW 88 CB Randers Wessel Dammers
0%
TOTW 88 RB Genk Zakaria El Ouahdi
0%
No matching quizzes found
Score Distribution
Percent of People with Each Score
Percentile by Number Answered
Your Score History
You have not taken this quiz